000 00622nam a22002172 4500
001 0000007101
005 20151217145834.0
008 071114s xx 000 0 eng d
020 _a0748715843 :
_cKES 3695
040 _aKABU
_cKABU
100 1 _aMuncaster, Roger.
_@0000158152
245 1 2 _aA-Level physics /
_cRoger Muncaster.
250 _a4th ed.
260 _aLondon :
_bNelson Thornes,
_c1993.
300 _avi, 953 p.
650 0 _aPhysics.
_@0000153778
908 _a071114
950 _@1
999 _c3155
_d3155